| 000 | 00447nam a22001577a 4500 | ||
|---|---|---|---|
| 003 | macl | ||
| 005 | 20200920145505.0 | ||
| 008 | 200920b xxu||||| |||| 00| 0 eng d | ||
| 040 | _cmacl | ||
| 082 | _a080/RAI | ||
| 100 |
_aराय सिद्वेश _977023 |
||
| 245 | _aसच आपका | ||
| 260 |
_aनई दिल्ली _bइंडिया बुक कम्पनी _c2018 |
||
| 650 |
_amacl _971861 |
||
| 942 |
_2ddc _cHIN |
||
| 999 |
_c63314 _d63314 |
||